000 00493cam a22001337a 4500
008 180718b1965 xxu||||| |||| 00| 0 eng d
082 _aI548x54 In2e
100 _aIndia. Enquiry Committee on Small Newspapers
245 _aReport of the Enquiry Committee on Small Newpapers, 1965
_cby Ministry of Information and Broadcasting
260 _aNew Delhi
_bMinistry of Information and Broadcasting
_c1965
300 _a308+p.
500 _aChairman: R.R. Diwakar
700 _aDiwakar, R.R., Chairman
999 _c489280
_d489280